Managing by values : (Record no. 600064)
[ view plain ]
| 000 -LEADER | |
|---|---|
| fixed length control field | 00345nam a2200121Ia 4500 |
| 008 - FIXED-LENGTH DATA ELEMENTS--GENERAL INFORMATION | |
| fixed length control field | 230907s9999||||xx |||||||||||||| ||und|| |
| 082 ## - DEWEY DECIMAL CLASSIFICATION NUMBER | |
| Classification number | 174.4 |
| Author Mark | DOL |
| 100 ## - MAIN ENTRY--PERSONAL NAME | |
| Personal name | Dolan, Simon L. |
| 9 (RLIN) | 115883 |
| 245 #0 - TITLE STATEMENT | |
| Title | Managing by values : |
| 260 ## - PUBLICATION, DISTRIBUTION, ETC. | |
| Place of publication, distribution, etc. | Palgrave Macmillan, |
| Name of publisher, distributor, etc. | Basingstoke [England] ; | New York : |
| Date of publication, distribution, etc. | 2006 |
| 300 ## - PHYSICAL DESCRIPTION | |
| Extent | xxvii, 236 p. : |
| 942 ## - ADDED ENTRY ELEMENTS (KOHA) | |
| Koha item type | Book |
| Withdrawn status | Lost status | Damaged status | Not for loan | Permanent Location | Current Location | Date acquired | Total Checkouts | Full call number | Barcode | Date last seen | Price effective from | Koha item type |
|---|---|---|---|---|---|---|---|---|---|---|---|---|
| US-Pakistan Center for Advanced Studies in Energy (USPCAS-E) | US-Pakistan Center for Advanced Studies in Energy (USPCAS-E) | 09/25/2019 | 174.4 DOL | CAS-E0004163 | 09/12/2023 | 09/12/2023 | Book |
